ბათუმის შოთა რუსთაველის სახელმწიფო უნივერსიტეტის ბიბლიოთეკა

ქართული მოთხრობა XIX-XX საუკუნეები.ტ.2 (ბიბ.ჩანაწერი № 43621)

000 -LEADER
fixed length control field 00876nam a2200193Ia 4500
001 - CONTROL NUMBER
control field 10356
003 - CONTROL NUMBER IDENTIFIER
control field GE_BSU
008 - FIXED-LENGTH DATA ELEMENTS--GENERAL INFORMATION
fixed length control field 181216s||||||||xx |||||||||||||| ||und||
040 ## - CATALOGING SOURCE
Transcribing agency GE_BSU
080 ## - UNIVERSAL DECIMAL CLASSIFICATION NUMBER
Universal Decimal Classification number 821.353.1–32
245 ## - TITLE STATEMENT
Title ქართული მოთხრობა XIX-XX საუკუნეები.ტ.2
245 ## - TITLE STATEMENT
Statement of responsibility, etc. სარედ.კოლ.კ.ლორთქიფანიძე და სხვ.გ.ნატროშვილის წინასიტყვ.რედ.–შემდგ.ა.გაბესკირია.მ.ლებანიძე.მხატვ.ლ.გრიგოლია
260 ## - PUBLICATION, DISTRIBUTION, ETC.
Place of publication, distribution, etc. თბილისი
260 ## - PUBLICATION, DISTRIBUTION, ETC.
Name of publisher, distributor, etc. ლიტერატურა და ხელოვნება
260 ## - PUBLICATION, DISTRIBUTION, ETC.
Date of publication, distribution, etc. 1963
300 ## - PHYSICAL DESCRIPTION
Extent 703გვ.ილ.26სმ.
653 ## - INDEX TERM--UNCONTROLLED
Uncontrolled term ქართული მოთხრობა
942 ## - ADDED ENTRY ELEMENTS (KOHA)
Koha item type წიგნი
ეგზემპლარები
Withdrawn status Lost status Damaged status Not for loan Date acquired Barcode Date last seen Price effective from Koha item type
        2018-12-17 34071 2018-12-17 2018-12-17 წიგნი